Destinations from Bali, Denpasar airport (DPS) - Statistics

General Stats
  • This quiz has been taken 80 times
  • The average score is 26 of 42
Answer Stats
Answer % Correct
Jakarta (CGK)
97%
Jakarta (HLP)
97%
Sydney
94%
Bangkok
92%
Bangkok (Don Muang)
92%
Kuala Lumpur
92%
Tokyo
92%
Singapore
90%
Melbourne
89%
Perth
85%
Brisbane
84%
Ho Chi Minh City
84%
Hanoi
82%
Adelaide
77%
Dubai
77%
Hong Kong
77%
Seoul
77%
Auckland
76%
Manila
76%
Darwin
74%
Surabaya
74%
Taipei
71%
Doha
69%
Yogyakarta
63%
Makassar
53%
Bandung
52%
Gold Coast
50%
Praya
50%
Istanbul
48%
Cairns
45%
Dili
45%
Balikpapan
37%
Semarang
37%
Penang
35%
Surakarta
29%
Kupang
27%
Labuan Bajo
24%
Shenzhen
18%
Bima
15%
Waingapu
15%
Fuzhou
5%
Tambolaka
3%
No matching quizzes found
Score Distribution
Percent of People with Each Score
Percentile by Number Answered
Your Score History
You have not taken this quiz